02277nam a2200361 u 450000100070000000500170000700800410002402000150006503500110008003500210009104000130011204100080012508000060013310000880013924500630022726000830029030000180037352009380039165000390132965000440136865000420141265000390145465000400149365000490153365000340158270000440161670000320166070000290169270000300172170000300175170000420178170000920182393622420260506155555.0050725s1991 eng  a9070280434 a936224 a(OCoLC)757317212 ccomduadb aeng aL 0aGonzález Casanova, Pablod1922-4aut0(isni)00000001212519230(viaf)27085163eaut10aEight essays on the crisis of development in Latin America aHolanda :bCEDLA (Centro de Estudios y Documentacion Latinoamericanos),c1991. a143 páginas3 aEl libro presenta una compilacion de articulos sobre la crisis del desarrollo en America Latina desde la perspectiva de las ciencias sociales. Los aspectos que se discuten de la crisis incluyen la insercion de la region en la economia mundial, la crisis agraria e industrial, el impacto social de los sectores pobres de la poblacion, la perspectiva para la democratizacion y el papel de los nuevos movimientos de resistencia. Contiene los siguientes ensayos: "The crisis in Latin America as a global phenomenon", Latin America in the world economy", "Land, hunger and power: the agrarian crisis in Latin America", "Rise and decline of industrialization in Latin America", "The social impact of the crisis of development: adjustment with a woman's face", "Political transition in the Latin America: the unchallenged imposition of formal democracy", Power and protest in Latin America", "The crisis of development in Latin America".  aIndustrializacion - America Latina aAmerica Latina y El Caribe - Economía aPolítica agraria - América Latina 7aDemocraciazAmérica Latina2lemb aSistemas politicos - America Latina 7aMovimientos socialeszAmérica Latina2lemb aDesarrollo - América Latina10aFitzgerald, Edmund Valpy Knox4auteaut10aRedclift, Michael4auteaut10aFortin, Carlos4auteaut10aStolcke, Verena4auteaut10aRojas, Fernando4auteaut10aTouraine, Alain,d1925-20234auteaut10aCardoso, Fernando Henrique,d1931-4aut0(isni)0000 0001 2144 694X0(viaf)97719834eaut